[Event "Oberliga Ost B 2017 2018"]
[Site "Germany"]
[Date "2017.11.11"]
[Round "2.2"]
[White "Siebarth, Raiko"]
[Black "Lubbe, Melanie"]
[Result "0-1"]
[WhiteElo "2288"]
[BlackElo "2286"]
[PlyCount "106"]
[EventDate "2017.10.22"]
[EventType "team-tourn"]
[EventCountry "GER"]
[WhiteTeam "Stadtilm SG BW"]
[BlackTeam "Neuberg SF"]
[WhiteTeamCountry "GER"]
[BlackTeamCountry "GER"]

1. e4 c5 2. Nc3 g6 3. Nge2 Bg7 4. g3 Nc6 5. Bg2 e6 6. d3 Nge7 7. h4 h5 8. Bg5
Nd4 9. O-O d6 10. Qd2 Rb8 11. a4 b6 12. Nc1 Qc7 13. Nd1 Ba6 14. Re1 Ndc6 15.
Nc3 Ne5 16. Nb5 Qd7 17. Ne2 N7c6 18. b3 Ng4 19. f3 Bxa1 20. Rxa1 f6 21. fxg4
fxg5 22. Qxg5 Ne5 23. gxh5 gxh5 24. Rf1 Bxb5 25. axb5 Qe7 26. Rf6 Kd7 27. Bh3
Rbf8 28. Rxf8 Qxf8 29. Qe3 Qf3 30. Qxf3 Nxf3+ 31. Kf2 Nd4 32. Nf4 Rh6 33. c4
Nxb3 34. g4 hxg4 35. Bxg4 Nd4 36. h5 Ke7 37. Kg3 Kf6 38. Kh4 Rh8 39. Bd1 Rh7
40. Bg4 Rh8 41. Bd1 a6 42. bxa6 Ra8 43. Bg4 Rxa6 44. Bh3 Ra2 45. h6 Rf2 46. Kg4
e5 47. Nd5+ Kg6 48. Nxb6 Rf4+ 49. Kg3 Rf3+ 50. Kg2 Rxd3 51. Nc8 Ne2 52. Kf2 Nf4
53. Bf1 Rd1 0-1

[Event "Oberliga Ost B 2017 2018"]
[Site "Germany"]
[Date "2017.11.11"]
[Round "2.3"]
[White "Kuenstler, Christian"]
[Black "Schneider, Christian"]
[Result "1-0"]
[WhiteElo "2274"]
[BlackElo "2215"]
[PlyCount "69"]
[EventDate "2017.10.22"]
[EventType "team-tourn"]
[EventCountry "GER"]
[WhiteTeam "Neuberg SF"]
[BlackTeam "Stadtilm SG BW"]
[WhiteTeamCountry "GER"]
[BlackTeamCountry "GER"]

1. d4 Nf6 2. c4 e6 3. Nc3 Bb4 4. e3 O-O 5. Nge2 d5 6. a3 Be7 7. Nf4 c6 8. Bd3
Nbd7 9. cxd5 exd5 10. O-O Re8 11. b4 Bd6 12. Qc2 Nf8 13. Bd2 g5 14. Nfe2 Ng4
15. Ng3 Bxg3 16. fxg3 Nxe3 17. Bxe3 Rxe3 18. Rxf7 Be6 19. Rf2 Qe7 20. Raf1 Qg7
21. Qd2 Rxd3 22. Qxd3 Re8 23. Nd1 Bd7 24. Ne3 h6 25. Nf5 Qh7 26. g4 Ne6 27. Qh3
h5 28. Qxh5 Qxh5 29. gxh5 Nf4 30. Ng3 Re3 31. Rf3 Re7 32. h4 gxh4 33. Rxf4 hxg3
34. Rf8+ Kg7 35. R8f3 1-0

[Event "Oberliga Ost B 2017 2018"]
[Site "Germany"]
[Date "2017.11.11"]
[Round "2.4"]
[White "George, Tom"]
[Black "Sergin, Mark"]
[Result "1-0"]
[WhiteElo "2205"]
[BlackElo "2192"]
[PlyCount "109"]
[EventDate "2017.10.22"]
[EventType "team-tourn"]
[EventCountry "GER"]
[WhiteTeam "Stadtilm SG BW"]
[BlackTeam "Neuberg SF"]
[WhiteTeamCountry "GER"]
[BlackTeamCountry "GER"]

1. e4 d5 2. exd5 Qxd5 3. Nc3 Qd6 4. d4 Nf6 5. Nf3 a6 6. g3 Bg4 7. h3 Bh5 8. Bg2
Nc6 9. Bf4 Qe6+ 10. Be3 O-O-O 11. g4 Bg6 12. Ng5 Qc4 13. Bf1 Qb4 14. a3 Qd6 15.
Bd3 Nd5 16. Nce4 Qd7 17. c4 Nxe3 18. fxe3 Nxd4 19. exd4 Qxd4 20. Ke2 h5 21. Qc2
e6 22. Nf3 Qd7 23. Ne5 Qd4 24. Nxg6 fxg6 25. Qc3 Bc5 26. Qxd4 Bxd4 27. Ng5 Rd7
28. Rab1 Bf6 29. Ne4 Rhd8 30. Rhd1 hxg4 31. hxg4 Rh8 32. Rh1 Rxh1 33. Rxh1 Bxb2
34. Rh8+ Rd8 35. Rxd8+ Kxd8 36. a4 Bd4 37. Kf3 Ke7 38. Nd2 Kd6 39. Nb3 Bc3 40.
Ke4 Bf6 41. c5+ Kd7 42. Nd4 e5 43. c6+ bxc6 44. Nb3 Kd6 45. Bxa6 Bh4 46. Bc4
Bf2 47. Bf7 g5 48. Bg6 Bg1 49. Kd3 Bf2 50. Be4 Bb6 51. Kc4 Kd7 52. Nc5+ Kd6 53.
Nd3 Bd4 54. Nb4 c5 55. Nc6 1-0

[Event "Oberliga Ost B 2017 2018"]
[Site "Germany"]
[Date "2017.11.11"]
[Round "2.5"]
[White "Lutz, Klaus Juergen"]
[Black "Siebarth, Marco"]
[Result "1/2-1/2"]
[WhiteElo "2258"]
[BlackElo "2024"]
[PlyCount "121"]
[EventDate "2017.10.22"]
[EventType "team-tourn"]
[EventCountry "GER"]
[WhiteTeam "Neuberg SF"]
[BlackTeam "Stadtilm SG BW"]
[WhiteTeamCountry "GER"]
[BlackTeamCountry "GER"]

1. e4 c5 2. a3 g6 3. Nc3 Bg7 4. Bc4 Nc6 5. d3 e6 6. h4 h6 7. Bf4 d6 8. Qd2 Nd4
9. Nge2 e5 10. Be3 Be6 11. h5 g5 12. Bd5 Ne7 13. Bc4 a6 14. a4 d5 15. exd5 Nxd5
16. Ne4 Rc8 17. c3 Nxe3 18. fxe3 Bxc4 19. exd4 Bd5 20. dxc5 O-O 21. b4 f5 22.
Nd6 Rb8 23. Ng3 Qd7 24. O-O f4 25. Nge4 b6 26. cxb6 Rxb6 27. Nc4 Rc6 28. Qe2
Rd8 29. b5 Rcc8 30. Nb6 Qa7 31. Qf2 Rb8 32. Nxd5 Qxf2+ 33. Nxf2 Rxd5 34. c4 Rd4
35. Rac1 axb5 36. axb5 g4 37. Nxg4 Rxd3 38. Rfe1 Re8 39. Nf2 Rd4 40. Ne4 Rb8
41. Kf2 Kf7 42. Rcd1 Ke6 43. Rxd4 exd4 44. Nc5+ Kf5 45. Nd3 Bf6 46. Kf3 Rg8 47.
Nxf4 Bh4 48. g4+ Rxg4 49. Re5+ Kxe5 50. Kxg4 Bd8 51. Kf3 d3 52. Nxd3+ Kd4 53.
Nb2 Kc3 54. Ke4 Kxb2 55. Kd5 Kb3 56. c5 Kb4 57. Kc6 Bh4 58. b6 Bg3 59. b7 Ka5
60. Kd7 Kb5 61. c6 1/2-1/2

[Event "Oberliga Ost B 2017 2018"]
[Site "Germany"]
[Date "2017.11.11"]
[Round "2.6"]
[White "Neubauer, Andreas"]
[Black "Overbeck, Thorsten"]
[Result "1/2-1/2"]
[WhiteElo "2145"]
[BlackElo "2306"]
[PlyCount "30"]
[EventDate "2017.10.22"]
[EventType "team-tourn"]
[EventCountry "GER"]
[WhiteTeam "Stadtilm SG BW"]
[BlackTeam "Neuberg SF"]
[WhiteTeamCountry "GER"]
[BlackTeamCountry "GER"]

1. Nf3 d5 2. g3 Nf6 3. Bg2 c6 4. O-O Bg4 5. c4 Nbd7 6. cxd5 cxd5 7. d4 e6 8.
Nc3 Bd6 9. Qb3 b6 10. Nb5 Bb8 11. Bd2 Ne4 12. Bb4 a6 13. Qa4 Qc8 14. Rfc1 Qb7
15. Qc2 Kd8 1/2-1/2

[Event "Oberliga Ost B 2017 2018"]
[Site "Germany"]
[Date "2017.11.11"]
[Round "2.7"]
[White "Wahedi, Ahmad Siar"]
[Black "Schroeter, Maik"]
[Result "1-0"]
[WhiteElo "2255"]
[BlackElo "1876"]
[PlyCount "39"]
[EventDate "2017.10.22"]
[EventType "team-tourn"]
[EventCountry "GER"]
[WhiteTeam "Neuberg SF"]
[BlackTeam "Stadtilm SG BW"]
[WhiteTeamCountry "GER"]
[BlackTeamCountry "GER"]

1. e4 c6 2. Nf3 d5 3. exd5 cxd5 4. Ne5 Nf6 5. d4 Nbd7 6. Bb5 a6 7. Bd3 e6 8.
O-O Nxe5 9. dxe5 Nd7 10. Qe2 Nc5 11. Rd1 Bd7 12. Nc3 g6 13. Be3 b6 14. Bxc5
bxc5 15. Bxa6 c4 16. Bb5 Bg7 17. a4 O-O 18. Qe3 f5 19. Nxd5 Bxb5 20. Nb6 1-0

[Event "Oberliga Ost B 2017 2018"]
[Site "Germany"]
[Date "2017.11.11"]
[Round "2.8"]
[White "Wolf, Philipp"]
[Black "Koller, Jens"]
[Result "0-1"]
[WhiteElo "1832"]
[BlackElo "2199"]
[PlyCount "68"]
[EventDate "2017.10.22"]
[EventType "team-tourn"]
[EventCountry "GER"]
[WhiteTeam "Stadtilm SG BW"]
[BlackTeam "Neuberg SF"]
[WhiteTeamCountry "GER"]
[BlackTeamCountry "GER"]

1. e4 c5 2. Nf3 e6 3. d4 cxd4 4. Nxd4 Nc6 5. Nc3 a6 6. Be3 Nge7 7. Nb3 Ng6 8.
Be2 b5 9. Qd2 Be7 10. Rd1 O-O 11. O-O d6 12. f4 Bb7 13. Rf3 b4 14. Na4 f5 15.
exf5 Rxf5 16. Rg3 Rf6 17. Bd3 Qe8 18. Rf1 Nh4 19. Rh3 Nf5 20. Nb6 Rd8 21. Nc4
h5 22. Bb6 Rd7 23. Bxf5 Rxf5 24. Rg3 Qf7 25. Nc5 Rd5 26. Qe2 dxc5 27. Qe4 Qf5
28. Qe2 Nd4 29. Qe1 Nxc2 30. Qe2 h4 31. Rh3 Bf6 32. Rc1 Bd4+ 33. Kf1 Qxf4+ 34.
Rf3 Qxc1+ 0-1

[Event "Oberliga Ost B 2017 2018"]
[Site "Germany"]
[Date "2017.11.12"]
[Round "3.1"]
[White "Teske, Henrik"]
[Black "Lubbe, Nikolas"]
[Result "1/2-1/2"]
[WhiteElo "2471"]
[BlackElo "2515"]
[PlyCount "138"]
[EventDate "2017.10.22"]
[EventType "team-tourn"]
[EventCountry "GER"]
[WhiteTeam "Erfurt SV Empor"]
[BlackTeam "Neuberg SF"]
[WhiteTeamCountry "GER"]
[BlackTeamCountry "GER"]

1. Nf3 Nf6 2. c4 e6 3. g3 d5 4. Bg2 Be7 5. O-O O-O 6. d4 c5 7. cxd5 exd5 8.
dxc5 Na6 9. Nc3 Nxc5 10. Be3 b6 11. Nd4 Bb7 12. Nf5 Re8 13. Bd4 Qd7 14. Nxe7+
Qxe7 15. Qc2 Nfe4 16. Nxe4 Nxe4 17. b3 Ng5 18. Rfe1 Ne6 19. Rad1 Rac8 20. Qb2
Qb4 21. e3 f6 22. Re2 Ng5 23. Rc2 Ne4 24. Bh3 Rxc2 25. Qxc2 Qd6 26. Rc1 Re7 27.
Bf5 g6 28. Bc8 Kg7 29. Bg4 Ng5 30. Qc3 Nf7 31. Kg2 Nd8 32. Bc8 Ba8 33. Bg4 Nc6
34. Bf3 Ne5 35. Be2 Nc6 36. Rd1 Rc7 37. Qb2 Bb7 38. Kg1 Nxd4 39. Rxd4 Qc5 40.
Bf3 Kf7 41. Kg2 Ke6 42. Rf4 Qe7 43. Ra4 Bc6 44. Rd4 Bb7 45. h4 Rc5 46. Rf4 h5
47. Qd4 f5 48. Qd3 Qc7 49. Rd4 a6 50. Rb4 b5 51. a4 bxa4 52. bxa4 Rc4 53. Rb2
Bc6 54. Rc2 Ba8 55. Ra2 Qc5 56. Qb1 Bc6 57. Qd1 a5 58. Kh2 Rc1 59. Qd2 Qc3 60.
Qe2 Qc4 61. Qb2 d4 62. Qb6 Qxa2 63. Bxc6 Qxf2+ 64. Bg2+ Kf7 65. Qxd4 Rc2 66.
Qd7+ Kg8 67. Qe8+ Kg7 68. Qe7+ Kg8 69. Qe8+ Kg7 1/2-1/2

[Event "Oberliga Ost B 2017 2018"]
[Site "Germany"]
[Date "2017.11.12"]
[Round "3.2"]
[White "Lubbe, Melanie"]
[Black "Langheinrich, Ferenc"]
[Result "1/2-1/2"]
[WhiteElo "2286"]
[BlackElo "2373"]
[PlyCount "66"]
[EventDate "2017.10.22"]
[EventType "team-tourn"]
[EventCountry "GER"]
[WhiteTeam "Neuberg SF"]
[BlackTeam "Erfurt SV Empor"]
[WhiteTeamCountry "GER"]
[BlackTeamCountry "GER"]

1. e4 d6 2. d4 g6 3. Nc3 Bg7 4. Be3 Nf6 5. f3 c6 6. Qd2 b5 7. g4 h5 8. g5 Nfd7
9. f4 Nb6 10. Nf3 d5 11. exd5 b4 12. Nd1 Nxd5 13. Ne5 Bf5 14. Bd3 Qc8 15. c4
bxc3 16. Nxc3 Bxd3 17. Qxd3 Bxe5 18. dxe5 Qh3 19. Nxd5 cxd5 20. O-O-O Nc6 21.
Rhe1 O-O 22. Qxd5 Nb4 23. Qe4 Rfc8+ 24. Kb1 a5 25. e6 Qxe6 26. Qxe6 fxe6 27.
Bd2 Kf7 28. Bxb4 axb4 29. Re4 Rab8 30. b3 Rc3 31. Rd2 Rf3 32. Rde2 Rb6 33. R2e3
Rf1+ 1/2-1/2

[Event "Oberliga Ost B 2017 2018"]
[Site "Germany"]
[Date "2017.11.12"]
[Round "3.3"]
[White "Friedrich, Wiede"]
[Black "Kuenstler, Christian"]
[Result "0-1"]
[WhiteElo "2334"]
[BlackElo "2274"]
[PlyCount "128"]
[EventDate "2017.10.22"]
[EventType "team-tourn"]
[EventCountry "GER"]
[WhiteTeam "Erfurt SV Empor"]
[BlackTeam "Neuberg SF"]
[WhiteTeamCountry "GER"]
[BlackTeamCountry "GER"]

1. d4 Nf6 2. Nf3 d5 3. c4 e6 4. Nc3 c5 5. Bg5 cxd4 6. Nxd4 Be7 7. cxd5 exd5 8.
Qa4+ Bd7 9. Qb3 Nc6 10. e3 Nxd4 11. exd4 Bc6 12. Be2 O-O 13. Bf3 h6 14. Bxf6
Bxf6 15. O-O-O Qd6 16. Bxd5 Qf4+ 17. Kb1 Bxd4 18. Bxc6 bxc6 19. Qc4 c5 20. f3
Rab8 21. b3 Rfe8 22. Qd3 Bxc3 23. Qxc3 c4 24. g3 Qf5+ 25. Qc2 Qb5 26. Rhe1 Rxe1
27. Rxe1 cxb3 28. axb3 Qxb3+ 29. Qxb3 Rxb3+ 30. Kc1 Rxf3 31. Re8+ Kh7 32. Re7
Kg6 33. Rxa7 Rf1+ 34. Kd2 Rf2+ 35. Ke3 Rxh2 36. Kf3 h5 37. Ra4 Rb2 38. Rc4 Rb3+
39. Kg2 Rb2+ 40. Kf3 f6 41. Ra4 Kg5 42. Rc4 f5 43. Rd4 g6 44. Rc4 Rb3+ 45. Kf2
Rb6 46. Kg2 Re6 47. Kh3 Re4 48. Rc6 h4 49. Ra6 Re3 50. Ra5 Rxg3+ 51. Kh2 Rb3
52. Ra2 Kg4 53. Rg2+ Rg3 54. Ra2 g5 55. Rf2 f4 56. Ra2 h3 57. Ra4 Rg2+ 58. Kh1
Rb2 59. Ra3 Kh4 60. Ra4 Kg3 61. Ra1 f3 62. Rg1+ Rg2 63. Rd1 Rh2+ 64. Kg1 f2+
0-1

[Event "Oberliga Ost B 2017 2018"]
[Site "Germany"]
[Date "2017.11.12"]
[Round "3.4"]
[White "Sergin, Mark"]
[Black "Michalowski, Peter"]
[Result "1-0"]
[WhiteElo "2192"]
[BlackElo "2064"]
[PlyCount "45"]
[EventDate "2017.10.22"]
[EventType "team-tourn"]
[EventCountry "GER"]
[WhiteTeam "Neuberg SF"]
[BlackTeam "Erfurt SV Empor"]
[WhiteTeamCountry "GER"]
[BlackTeamCountry "GER"]

1. e4 c5 2. Nc3 a6 3. Nf3 d6 4. d4 cxd4 5. Nxd4 Nf6 6. Bc4 e6 7. Bb3 b5 8. Bg5
Be7 9. Qf3 Qb6 10. O-O-O O-O 11. h4 Nbd7 12. h5 h6 13. Be3 Qc7 14. Qg3 Ne5 15.
Bxh6 Neg4 16. Bd2 b4 17. Na4 Ne5 18. f3 d5 19. Bf4 Bd6 20. Kb1 dxe4 21. h6 g6
22. h7+ Kh8 23. Nc6 1-0

[Event "Oberliga Ost B 2017 2018"]
[Site "Germany"]
[Date "2017.11.12"]
[Round "3.5"]
[White "Weishaeutel, Moritz"]
[Black "Lutz, Klaus Juergen"]
[Result "0-1"]
[WhiteElo "1983"]
[BlackElo "2258"]
[PlyCount "52"]
[EventDate "2017.10.22"]
[EventType "team-tourn"]
[EventCountry "GER"]
[WhiteTeam "Erfurt SV Empor"]
[BlackTeam "Neuberg SF"]
[WhiteTeamCountry "GER"]
[BlackTeamCountry "GER"]

1. e4 c5 2. Nf3 d6 3. d4 cxd4 4. Nxd4 Nf6 5. Nc3 g6 6. Be3 Bg7 7. f3 Nc6 8. Qd2
O-O 9. g4 Be6 10. h4 d5 11. g5 Nh5 12. Nxc6 bxc6 13. exd5 Bxd5 14. Nxd5 cxd5
15. O-O-O Ng3 16. Rh3 Nf5 17. Bf2 Rb8 18. c3 Qc7 19. Bd3 d4 20. Qc2 dxc3 21. b3
Rfd8 22. Kb1 a5 23. a3 Qd6 24. Ka2 a4 25. Be2 axb3+ 26. Qxb3 Rxb3 0-1

[Event "Oberliga Ost B 2017 2018"]
[Site "Germany"]
[Date "2017.11.12"]
[Round "3.6"]
[White "Overbeck, Thorsten"]
[Black "Sieber, Stephan"]
[Result "1/2-1/2"]
[WhiteElo "2306"]
[BlackElo "2217"]
[PlyCount "68"]
[EventDate "2017.10.22"]
[EventType "team-tourn"]
[EventCountry "GER"]
[WhiteTeam "Neuberg SF"]
[BlackTeam "Erfurt SV Empor"]
[WhiteTeamCountry "GER"]
[BlackTeamCountry "GER"]

1. d4 f5 2. Nc3 d5 3. Bf4 Nf6 4. e3 e6 5. Nb5 Na6 6. c4 c6 7. Nc3 dxc4 8. Bxc4
Nb4 9. Nge2 Be7 10. O-O O-O 11. f3 Nfd5 12. e4 fxe4 13. fxe4 Nxf4 14. Nxf4 Rf6
15. Nce2 g5 16. Nh5 Rxf1+ 17. Kxf1 b5 18. Bb3 c5 19. a3 Nc6 20. d5 Ne5 21. dxe6
Qxd1+ 22. Rxd1 c4 23. Bc2 Bxe6 24. h3 Rf8+ 25. Kg1 Bc5+ 26. Kh1 Nd3 27. Bxd3
cxd3 28. Nc3 Bc4 29. b3 Bxb3 30. Rxd3 Bc4 31. Rd7 Rf1+ 32. Kh2 Bg1+ 33. Kg3
Bf2+ 34. Kh2 Bg1+ 1/2-1/2

[Event "Oberliga Ost B 2017 2018"]
[Site "Germany"]
[Date "2017.11.12"]
[Round "3.7"]
[White "Schmuck, Helmut"]
[Black "Wahedi, Ahmad Siar"]
[Result "0-1"]
[WhiteElo "2120"]
[BlackElo "2255"]
[PlyCount "62"]
[EventDate "2017.10.22"]
[EventType "team-tourn"]
[EventCountry "GER"]
[WhiteTeam "Erfurt SV Empor"]
[BlackTeam "Neuberg SF"]
[WhiteTeamCountry "GER"]
[BlackTeamCountry "GER"]

1. d4 c5 2. d5 e5 3. c4 d6 4. e4 Be7 5. Nf3 h6 6. Bd3 Bg5 7. Nc3 Bxc1 8. Rxc1
g5 9. Qa4+ Kf8 10. a3 Ne7 11. h4 Ng6 12. hxg5 h5 13. g3 Bg4 14. Be2 Bxf3 15.
Bxf3 Qxg5 16. Qd1 h4 17. Qd2 Qf6 18. Bg4 Na6 19. Ke2 Ke7 20. Nb5 Rag8 21. Bf5
hxg3 22. fxg3 Nf4+ 23. Kf3 Qg5 24. g4 Rh4 25. Rxh4 Qxh4 26. Rg1 Qh3+ 27. Rg3
Qf1+ 28. Ke3 Rh8 29. g5 Rh2 30. Qxh2 Qd3+ 31. Kf2 Qe2+ 0-1

[Event "Oberliga Ost B 2017 2018"]
[Site "Germany"]
[Date "2017.11.12"]
[Round "3.1"]
[White "Zimmermann, Hendrik"]
[Black "Strache, Michael"]
[Result "1-0"]
[WhiteElo "2175"]
[BlackElo "2287"]
[PlyCount "127"]
[EventDate "2017.10.22"]
[EventType "team-tourn"]
[EventCountry "GER"]
[WhiteTeam "Frankfurt SC Koenig Nied"]
[BlackTeam "Sangerhausen SV"]
[WhiteTeamCountry "GER"]
[BlackTeamCountry "GER"]

1. e4 c5 2. Nf3 d6 3. d4 cxd4 4. Nxd4 Nf6 5. Nc3 a6 6. Bg5 Qb6 7. Bxf6 gxf6 8.
Nd5 Qd8 9. Qh5 Nc6 10. O-O-O e6 11. Nxc6 bxc6 12. Ne3 Rb8 13. Bc4 a5 14. Rd2 a4
15. Re1 a3 16. Bb3 Rb5 17. Qd1 Qc7 18. f4 Be7 19. f5 h5 20. Kb1 axb2 21. Qe2
Re5 22. Nc4 Ba6 23. fxe6 fxe6 24. Qd3 d5 25. Nd6+ Bxd6 26. Qxa6 Ke7 27. Rde2
Bb4 28. Rd1 dxe4 29. Qc4 c5 30. Rxe4 Rd8 31. Rxd8 Kxd8 32. Kxb2 Qa5 33. Qd3+
Ke7 34. Rxe5 Ba3+ 35. Kb1 fxe5 36. c3 Qa8 37. Qe2 Qc6 38. Qxe5 c4 39. Qg7+ Kd8
40. Qd4+ Bd6 41. Bxc4 e5 42. Qd5 Qb6+ 43. Kc2 Qf2+ 44. Kb3 Qb6+ 45. Qb5 Qg1 46.
Qd5 Kc7 47. Kc2 Qf2+ 48. Kd1 Qe3 49. Bd3 h4 50. Qc4+ Bc5 51. Be4 h3 52. gxh3
Qg1+ 53. Kc2 Qxh2+ 54. Kb3 Kb6 55. a4 Qg1 56. Qd5 Kc7 57. a5 Qe3 58. Qxe5+ Bd6
59. Qd5 Kc8 60. Qc6+ Bc7 61. Bf5+ Kb8 62. Be4 Kc8 63. Qe8+ Bd8 64. Bf5+ 1-0

[Event "Oberliga Ost B 2017 2018"]
[Site "Germany"]
[Date "2017.11.12"]
[Round "3.2"]
[White "Engelmann, Jakob"]
[Black "Uwira, Oliver"]
[Result "1-0"]
[WhiteElo "2259"]
[BlackElo "2251"]
[PlyCount "75"]
[EventDate "2017.10.22"]
[EventType "team-tourn"]
[EventCountry "GER"]
[WhiteTeam "Sangerhausen SV"]
[BlackTeam "Frankfurt SC Koenig Nied"]
[WhiteTeamCountry "GER"]
[BlackTeamCountry "GER"]

1. d4 d5 2. Nf3 Nf6 3. c4 dxc4 4. Nc3 a6 5. a4 Nc6 6. e4 Bg4 7. Be3 e6 8. Bxc4
Bb4 9. Qd3 Bxf3 10. gxf3 Nh5 11. O-O-O O-O 12. Rhg1 Kh8 13. Rg5 g6 14. d5 exd5
15. exd5 Na5 16. Rxh5 gxh5 17. Ba2 f6 18. Ne4 Be7 19. Bb1 Rf7 20. Qc3 b6 21.
Ng5 Rg7 22. Ne6 Qd6 23. Nxg7 Kxg7 24. Rg1+ Kf7 25. Bxh7 Rh8 26. Bg6+ Kf8 27.
Qd3 Qxh2 28. Rg3 Qh1+ 29. Kc2 Qa1 30. d6 Qxa4+ 31. Kb1 Bxd6 32. Qf5 Ke7 33. f4
Nb3 34. Qd5 Rf8 35. Bf5 Rf7 36. Rg8 Nd4 37. Bg6 Qd1+ 38. Bc1 1-0

[Event "Oberliga Ost B 2017 2018"]
[Site "Germany"]
[Date "2017.11.12"]
[Round "3.3"]
[White "Wege, Jochen"]
[Black "Richter, Dustin"]
[Result "1-0"]
[WhiteElo "2294"]
[BlackElo "2176"]
[PlyCount "73"]
[EventDate "2017.10.22"]
[EventType "team-tourn"]
[EventCountry "GER"]
[WhiteTeam "Frankfurt SC Koenig Nied"]
[BlackTeam "Sangerhausen SV"]
[WhiteTeamCountry "GER"]
[BlackTeamCountry "GER"]

1. e3 g6 2. c4 Bg7 3. Nc3 Nf6 4. Be2 d6 5. Nf3 O-O 6. O-O e5 7. d3 Nc6 8. Rb1
a5 9. a3 d5 10. cxd5 Nxd5 11. Qc2 b6 12. b3 Bb7 13. Bb2 Re8 14. Rfd1 Qd7 15.
Bf1 Rad8 16. Nxd5 Qxd5 17. b4 axb4 18. axb4 Nxb4 19. Qxc7 e4 20. Bxg7 exf3 21.
g3 Kxg7 22. Qxb6 Nc6 23. Qxb7 Rb8 24. Qc7 Rbc8 25. Qf4 g5 26. Qg4 h6 27. d4 Ra8
28. Rbc1 Ra5 29. Bc4 Qd6 30. Qxf3 Nd8 31. Bd3 Ne6 32. Qc6 Qd8 33. Ra1 Rxa1 34.
Rxa1 g4 35. Qe4 Ng5 36. Qxg4 Qd5 37. h4 1-0

[Event "Oberliga Ost B 2017 2018"]
[Site "Germany"]
[Date "2017.11.12"]
[Round "3.4"]
[White "Hillmann, Michael"]
[Black "Staller, Peter"]
[Result "1/2-1/2"]
[WhiteElo "2159"]
[BlackElo "2267"]
[PlyCount "57"]
[EventDate "2017.10.22"]
[EventType "team-tourn"]
[EventCountry "GER"]
[WhiteTeam "Sangerhausen SV"]
[BlackTeam "Frankfurt SC Koenig Nied"]
[WhiteTeamCountry "GER"]
[BlackTeamCountry "GER"]

1. d4 Nf6 2. Bg5 e6 3. e3 d5 4. c3 Be7 5. Nd2 Nbd7 6. f4 c5 7. Bd3 b6 8. Qf3
Bb7 9. Ne2 h6 10. Bxf6 Bxf6 11. O-O O-O 12. g4 cxd4 13. exd4 g6 14. Qg2 Bg7 15.
Nf3 a5 16. Rae1 Nf6 17. f5 exf5 18. gxf5 g5 19. Ng3 Qd6 20. Re2 Rae8 21. Rfe1
Rxe2 22. Rxe2 Ne4 23. Nxe4 dxe4 24. Bxe4 Bxe4 25. Rxe4 Qd5 26. Ne5 Qxa2 27. Re1
Bxe5 28. dxe5 Qc4 29. Qf2 1/2-1/2

[Event "Oberliga Ost B 2017 2018"]
[Site "Germany"]
[Date "2017.11.12"]
[Round "3.5"]
[White "Graf, Gerd"]
[Black "Hellwig, Tobias"]
[Result "1-0"]
[WhiteElo "2231"]
[BlackElo "2197"]
[PlyCount "69"]
[EventDate "2017.10.22"]
[EventType "team-tourn"]
[EventCountry "GER"]
[WhiteTeam "Frankfurt SC Koenig Nied"]
[BlackTeam "Sangerhausen SV"]
[WhiteTeamCountry "GER"]
[BlackTeamCountry "GER"]

1. g3 Nf6 2. Bg2 g6 3. d3 Bg7 4. e4 O-O 5. Nf3 d5 6. Nbd2 Nc6 7. O-O Bg4 8. h3
Bxf3 9. Qxf3 Nd4 10. Qd1 c6 11. Re1 e6 12. c3 Nb5 13. a4 Nc7 14. Qc2 a5 15. Nf3
Nd7 16. Bg5 Qc8 17. Be3 Ra6 18. Nh2 b5 19. h4 Qb7 20. h5 Rb8 21. hxg6 hxg6 22.
axb5 Qxb5 23. Bc1 Nc5 24. Bf1 Qb3 25. Qd2 Na4 26. Ra3 Qxa3 27. bxa3 Bxc3 28.
Qd1 Bxe1 29. Qxe1 Rb1 30. Qe3 Rab6 31. Qh6 Nc3 32. Bg5 Ne8 33. Ng4 Rxf1+ 34.
Kxf1 Rb1+ 35. Kg2 1-0

[Event "Oberliga Ost B 2017 2018"]
[Site "Germany"]
[Date "2017.11.12"]
[Round "3.6"]
[White "Heyder, Florian"]
[Black "Prenzler, Daniel"]
[Result "1-0"]
[WhiteElo "2174"]
[BlackElo "2166"]
[PlyCount "67"]
[EventDate "2017.10.22"]
[EventType "team-tourn"]
[EventCountry "GER"]
[WhiteTeam "Sangerhausen SV"]
[BlackTeam "Frankfurt SC Koenig Nied"]
[WhiteTeamCountry "GER"]
[BlackTeamCountry "GER"]

1. e4 e6 2. d4 d5 3. Nc3 dxe4 4. Nxe4 Nf6 5. Bg5 Be7 6. Bxf6 gxf6 7. Nf3 b6 8.
Bb5+ c6 9. Bd3 Bb7 10. Qe2 Nd7 11. Ba6 Qc7 12. Bxb7 Qxb7 13. O-O-O O-O-O 14.
Kb1 Rhg8 15. g3 f5 16. Ned2 Bf6 17. Nc4 Qc7 18. Rd3 b5 19. Ncd2 Nb6 20. Rc1 Rd7
21. c4 b4 22. Nb3 Na4 23. c5 Rgd8 24. Rdd1 Qb7 25. Na5 Qb5 26. Qxb5 cxb5 27.
Nc6 Rg8 28. Nxb4 Rg4 29. Nc6 Re4 30. b3 Kb7 31. Nce5 Rdxd4 32. Rxd4 Rxd4 33.
Nxd4 Bxe5 34. Nxb5 1-0

[Event "Oberliga Ost B 2017 2018"]
[Site "Germany"]
[Date "2017.11.12"]
[Round "3.7"]
[White "Haenisch, Uwe"]
[Black "Duchrow, Oliver"]
[Result "1-0"]
[WhiteElo "2195"]
[BlackElo "2039"]
[PlyCount "119"]
[EventDate "2017.10.22"]
[EventType "team-tourn"]
[EventCountry "GER"]
[WhiteTeam "Frankfurt SC Koenig Nied"]
[BlackTeam "Sangerhausen SV"]
[WhiteTeamCountry "GER"]
[BlackTeamCountry "GER"]

1. e4 e5 2. f4 exf4 3. Nf3 h6 4. Bc4 d6 5. d4 g5 6. O-O Bg7 7. g3 Nc6 8. c3 Bh3
9. Rf2 Qe7 10. d5 Ne5 11. Bb5+ Bd7 12. Bxd7+ Qxd7 13. Nd4 fxg3 14. hxg3 Qg4 15.
Qxg4 Nxg4 16. Rf1 Be5 17. Kg2 N8f6 18. Kh3 Ke7 19. Nf5+ Kd7 20. Nd2 h5 21. Nf3
Nxe4 22. Nxg5 Nxg5+ 23. Bxg5 Rag8 24. Bf4 Bf6 25. Rae1 Re8 26. Be3 Re4 27. Bd4
Rxe1 28. Rxe1 Ne5 29. Rf1 Bg5 30. Ng7 Ke7 31. Rf5 f6 32. Ne6 c5 33. Bxe5 dxe5
34. Nxg5 fxg5 35. Rxe5+ Kf6 36. Re6+ Kf7 37. Re2 b5 38. Re5 Kf6 39. Re6+ Kf5
40. b3 c4 41. bxc4 bxc4 42. Rc6 Rd8 43. d6 Rd7 44. Rc5+ Kf6 45. Rd5 Kg6 46. Kg2
h4 47. g4 Kf6 48. Kf3 Kg6 49. Ke4 Kf6 50. Kd4 h3 51. Kc5 h2 52. Rd1 Ke5 53. Rh1
Rh7 54. Kc6 Kf4 55. d7 Rh8 56. Rxh2 Rxh2 57. d8=Q Kxg4 58. Qd4+ Kh3 59. Qh8+
Kg3 60. Qe5+ 1-0

[Event "Oberliga Ost B 2017 2018"]
[Site "Germany"]
[Date "2017.11.12"]
[Round "3.8"]
[White "Buerckner, Georg"]
[Black "Perlitz, Sven"]
[Result "1-0"]
[WhiteElo "2044"]
[BlackElo "2112"]
[PlyCount "63"]
[EventDate "2017.10.22"]
[EventType "team-tourn"]
[EventCountry "GER"]
[WhiteTeam "Sangerhausen SV"]
[BlackTeam "Frankfurt SC Koenig Nied"]
[WhiteTeamCountry "GER"]
[BlackTeamCountry "GER"]

1. e4 c5 2. c3 Nf6 3. e5 Nd5 4. d4 cxd4 5. cxd4 e6 6. Nc3 Nxc3 7. bxc3 Qc7 8.
Bd2 d6 9. exd6 Bxd6 10. Nf3 Nd7 11. Bd3 Nf6 12. O-O O-O 13. Re1 b6 14. Ne5 Bb7
15. Re3 g6 16. Qe2 Nd5 17. Rh3 Bxe5 18. dxe5 Nxc3 19. Qe3 Nd5 20. Qh6 f5 21.
exf6 Rxf6 22. Bg5 Raf8 23. Bxf6 Rxf6 24. Rc1 Qf7 25. Be4 Qd7 26. Bxd5 exd5 27.
Rhc3 Rc6 28. Rxc6 Bxc6 29. Qf4 d4 30. Qf6 d3 31. Qxc6 d2 32. Qc8+ 1-0